000 01466nam a2200301 c 4500
003 BLK
005 20230406030256.0
008 180411b bul|||||r ||||||| ||bul||
010 _aKNG00197548000
040 _aBLK
041 _aBUL
_cBUL
080 _aБългарска литература
_b821.163.2
_x-1
_z821.163.2-1
700 1 _aРалин, Радой
_eподб. и ред.
_gСтоянов, Димитър Стефанов
_9364208
700 1 _aАврамов, Димитър
_eпредг. от
_9377440
139 _aХристов, Кирил
_bХ 78
245 1 0 _aТрепети
_bЛир. поезия
_cКирил Христов; подб. и ред. Радой Ралин; предг. от Димитър Аврамов.
257 _aBGR
260 София
_bБълг. писател
_c1987
300 _a468 с.
_bс ил.
_c23 см
380 _aX
500 _aПълното име на авт. е Кирил Христов Генчев. - 10 112 тир. Съдържа циклите : Природа ; Любов, Родина ; Свят ; Той.
852 _aЦб 147150
856 4 _qpdf
_u
856 4 _qpdf
_u
942 _cKNG
_n0
_02
944 _aCR
_c06.12.2016
_kПравда_Бадева
944 _aED
_c06.12.2016
_kПравда_Бадева
999 _c188530
_d188530